[Event "Winnipeg TNT February op"]
[Site "Winnipeg CAN"]
[Date "2007.02.06"]
[Round "1"]
[White "Khedkar, Jay S"]
[Black "Booth, Kevin"]
[Result "1-0"]
[WhiteElo "1963"]
[BlackElo "1638"]
[PlyCount "89"]
[GameId "2160767910718465"]
[EventDate "2007.02.06"]
[EventType "swiss"]
[EventRounds "4"]
[EventCountry "CAN"]
[SourceTitle "EXT 2019"]
[Source "ChessBase"]
[SourceDate "2018.10.10"]
[SourceVersion "1"]
[SourceVersionDate "2018.10.10"]
[SourceQuality "1"]

1. e4 d6 2. d4 g6 3. Nc3 Bg7 4. Bc4 Nf6 5. Qe2 O-O 6. e5 dxe5 7. dxe5 Nfd7 8. Nf3 Nc6 9. e6 fxe6 10. Bxe6+ Kh8 11. h4 Nf6 12. Bg5 Bxe6 13. Qxe6 Qd6 14. Qe2 Nd4 15. Nxd4 Qxd4 16. O-O Rae8 17. Rad1 Qb6 18. Qb5 Qxb5 19. Nxb5 c6 20. Nc7 Rc8 21. Ne6 Rfe8 22. Nxg7 Kxg7 23. Bxf6+ Kxf6 24. Rd7 Rcd8 25. Rxb7 Rb8 26. Rxb8 Rxb8 27. b3 Rd8 28. Rc1 Rd4 29. g3 Kf5 30. Kf1 e5 31. Ke2 Re4+ 32. Kf3 Rd4 33. Re1 Rd2 34. Re2 Rd4 35. g4+ Ke6 36. Re4 Rd2 37. Rc4 Rd6 38. Ke4 h6 39. Rc5 Rd4+ 40. Kf3 Rd6 41. c3 Rd3+ 42. Ke4 Rd5 43. Rxc6+ Rd6 44. Rxd6+ Kxd6 45. b4 1-0

[Event "Winnipeg TNT February op"]
[Site "Winnipeg CAN"]
[Date "2007.02.06"]
[Round "1"]
[White "Reimer, Bruce"]
[Black "Rutter, Blair"]
[Result "0-1"]
[WhiteElo "1593"]
[BlackElo "1958"]
[PlyCount "90"]
[GameId "2160767910718467"]
[EventDate "2007.02.06"]
[EventType "swiss"]
[EventRounds "4"]
[EventCountry "CAN"]
[SourceTitle "EXT 2019"]
[Source "ChessBase"]
[SourceDate "2018.10.10"]
[SourceVersion "1"]
[SourceVersionDate "2018.10.10"]
[SourceQuality "1"]

1. e4 e6 2. c4 c5 3. Nc3 Nc6 4. f4 d6 5. Nf3 Bd7 6. d4 cxd4 7. Nxd4 Qb6 8. Ndb5 O-O-O 9. Nxd6+ Bxd6 10. Qxd6 Be8 11. Qf8 Nb4 12. Qxg7 Nc2+ 13. Ke2 Qd4 14. Qxd4 Nxd4+ 15. Kf2 f5 16. Be2 fxe4 17. Nxe4 Bc6 18. Ng5 Rf8 19. Rd1 Nxe2 20. Kxe2 Bxg2 21. Kf2 Bc6 22. Nxe6 Re8 23. Re1 Nf6 24. Nd4 Ng4+ 25. Kf1 Nxh2+ 26. Kf2 Ng4+ 27. Kf1 Bg2+ 28. Kxg2 Rxe1 29. Kf3 h5 30. f5 Rd8 31. Nc2 Rf1+ 32. Ke4 Re8+ 33. Kd3 Rxf5 34. Bd2 Rf3+ 35. Kd4 Rf2 36. Kc3 Ree2 37. Rd1 Rg2 38. Nd4 Nf2 39. Nxe2 Nxd1+ 40. Kc2 Nxb2 41. Nf4 Rh2 42. Kxb2 Rxd2+ 43. Kb3 h4 44. a4 h3 45. Kc3 h2 0-1

[Event "Winnipeg TNT February op"]
[Site "Winnipeg CAN"]
[Date "2007.02.13"]
[Round "2"]
[White "Adol, Deng"]
[Black "Khedkar, Jay S"]
[Result "0-1"]
[WhiteElo "1783"]
[BlackElo "1963"]
[PlyCount "75"]
[GameId "2160767910718468"]
[EventDate "2007.02.06"]
[EventType "swiss"]
[EventRounds "4"]
[EventCountry "CAN"]
[SourceTitle "EXT 2019"]
[Source "ChessBase"]
[SourceDate "2018.10.10"]
[SourceVersion "1"]
[SourceVersionDate "2018.10.10"]
[SourceQuality "1"]

1. e4 c5 2. d4 cxd4 3. Qxd4 Nc6 4. Qc3 e5 5. a3 Nf6 6. Bd3 d5 7. Bg5 d4 8. Qb3 Be7 9. Bxf6 Bxf6 10. Nf3 O-O 11. Nbd2 a6 12. h3 b5 13. Qa2 Be6 14. Qb1 Rc8 15. b4 Qb6 16. O-O Ne7 17. Rc1 Ng6 18. Bf1 Nf4 19. Kh2 d3 20. cxd3 Qxf2 21. Rxc8 Rxc8 22. Qe1 Qxe1 23. Nxe1 g5 24. g3 Ng6 25. Be2 Ne7 26. Bg4 Bxg4 27. hxg4 Rc3 28. Kg2 Nc6 29. Kf2 Nd4 30. Ke3 Bd8 31. Ndf3 Nb3 32. Rb1 Bb6+ 33. Ke2 f6 34. Rb2 Nd4+ 35. Nxd4 Bxd4 36. Ra2 Kf7 37. Nc2 Rb3 38. a4 0-1

[Event "Winnipeg TNT February op"]
[Site "Winnipeg CAN"]
[Date "2007.02.13"]
[Round "2"]
[White "Gibbons, Lorne"]
[Black "Reimer, Bruce"]
[Result "1/2-1/2"]
[WhiteElo "1331"]
[BlackElo "1593"]
[PlyCount "55"]
[GameId "2160767910718469"]
[EventDate "2007.02.06"]
[EventType "swiss"]
[EventRounds "4"]
[EventCountry "CAN"]
[SourceTitle "EXT 2019"]
[Source "ChessBase"]
[SourceDate "2018.10.10"]
[SourceVersion "1"]
[SourceVersionDate "2018.10.10"]
[SourceQuality "1"]

1. d4 Nf6 2. c4 e5 3. dxe5 Ng4 4. Nf3 Nc6 5. Bf4 Bb4+ 6. Nbd2 Qe7 7. a3 Bxd2+ 8. Qxd2 Ngxe5 9. Bxe5 Nxe5 10. Nxe5 Qxe5 11. e3 d6 12. Qd4 Qxd4 13. exd4 O-O 14. Kd2 Re8 15. Bd3 Bd7 16. Rae1 g6 17. Rxe8+ Rxe8 18. Re1 Rxe1 19. Kxe1 h5 20. Ke2 f5 21. Ke3 g5 22. g3 Kf7 23. h4 Kf6 24. f4 gxh4 25. gxh4 c5 26. d5 a5 27. b3 b6 28. a4 1/2-1/2

[Event "Winnipeg TNT February op"]
[Site "Winnipeg CAN"]
[Date "2007.02.13"]
[Round "2"]
[White "Gibson, Fred"]
[Black "Green, Jim"]
[Result "0-1"]
[WhiteElo "1230"]
[BlackElo "1769"]
[PlyCount "106"]
[GameId "2160767910718470"]
[EventDate "2007.02.06"]
[EventType "swiss"]
[EventRounds "4"]
[EventCountry "CAN"]
[SourceTitle "EXT 2019"]
[Source "ChessBase"]
[SourceDate "2018.10.10"]
[SourceVersion "1"]
[SourceVersionDate "2018.10.10"]
[SourceQuality "1"]

1. e4 e5 2. Nf3 Nc6 3. Bb5 a6 4. Ba4 Nf6 5. O-O b5 6. Bb3 d6 7. a4 Bb7 8. d3 Be7 9. Ng5 O-O 10. Nd2 Nd4 11. Ba2 c5 12. Ndf3 h6 13. Nxd4 cxd4 14. Nf3 Qc7 15. Nh4 d5 16. f3 bxa4 17. Nf5 Rfe8 18. Bd2 Bf8 19. c3 dxc3 20. bxc3 a3 21. Qe1 Bc8 22. Ne3 dxe4 23. fxe4 Bc5 24. Qg3 Kh7 25. Kh1 Bxe3 26. Qxe3 Ng4 27. Rxf7 Re7 28. Qf3 Rxf7 29. Qxf7 Qxf7 30. Bxf7 Nf2+ 31. Kg1 Nxd3 32. Rxa3 Rb8 33. Rb3 Rxb3 34. Bxb3 Nc5 35. Ba2 Bb7 36. Be3 Nxe4 37. Bb1 g6 38. Bxe4 Bxe4 39. Bc5 Bd5 40. Kf2 Kg7 41. g3 a5 42. Ke3 Kf6 43. h3 Bg2 44. h4 Bd5 45. Ba3 Kf5 46. Kf2 h5 47. Be7 Ke4 48. Bf6 a4 49. Be7 Kd3 50. Bb4 Kc4 51. Ke3 Kb3 52. Bd6 a3 53. Bxe5 Bc4 0-1

[Event "Winnipeg TNT February op"]
[Site "Winnipeg CAN"]
[Date "2007.02.13"]
[Round "2"]
[White "Goodman, Clifford"]
[Black "Mundwiler, Les"]
[Result "0-1"]
[WhiteElo "1458"]
[BlackElo "1938"]
[PlyCount "47"]
[GameId "2160767910718471"]
[EventDate "2007.02.06"]
[EventType "swiss"]
[EventRounds "4"]
[EventCountry "CAN"]
[SourceTitle "EXT 2019"]
[Source "ChessBase"]
[SourceDate "2018.10.10"]
[SourceVersion "1"]
[SourceVersionDate "2018.10.10"]
[SourceQuality "1"]

1. e4 c5 2. Nf3 Nc6 3. Bb5 d6 4. d4 cxd4 5. Qxd4 Bd7 6. Bxc6 bxc6 7. Nc3 e5 8. Qd3 Be7 9. O-O h6 10. h3 g5 11. Nh2 Nf6 12. f3 Nh5 13. Ne2 Qc8 14. g4 Nf4 15. Nxf4 gxf4 16. Bd2 h5 17. Be1 Qb7 18. b3 O-O-O 19. Bf2 Be6 20. Qc3 hxg4 21. Nxg4 Rxh3 22. Qa5 Bxg4 23. fxg4 Rdh8 24. Kg2 0-1

[Event "Winnipeg TNT February op"]
[Site "Winnipeg CAN"]
[Date "2007.02.13"]
[Round "2"]
[White "Katcher, Jeff"]
[Black "Essery, Richard"]
[Result "0-1"]
[WhiteElo "1258"]
[BlackElo "1675"]
[PlyCount "79"]
[GameId "2160767910718472"]
[EventDate "2007.02.06"]
[EventType "swiss"]
[EventRounds "4"]
[EventCountry "CAN"]
[SourceTitle "EXT 2019"]
[Source "ChessBase"]
[SourceDate "2018.10.10"]
[SourceVersion "1"]
[SourceVersionDate "2018.10.10"]
[SourceQuality "1"]

1. c4 b6 2. d4 Bb7 3. Nc3 e6 4. e3 Nf6 5. Nf3 Be7 6. Bd3 c5 7. O-O cxd4 8. Nxd4 O-O 9. Qc2 h6 10. Bd2 d5 11. cxd5 Nxd5 12. a3 Nxc3 13. Bxc3 Nd7 14. Rac1 Nf6 15. Bd2 Qd5 16. f3 Rfc8 17. Qb3 Qe5 18. Rxc8+ Rxc8 19. Nc2 Bc5 20. Kh1 Rd8 21. Bc3 Rxd3 22. Bxe5 Rxb3 23. Rd1 Bxe3 24. Bxf6 gxf6 25. Nxe3 Rxe3 26. h3 Bd5 27. Rd2 b5 28. Kg1 f5 29. Kf2 f4 30. Rd4 Rb3 31. Rd2 Kf8 32. Rc2 Bc4 33. Ke1 Ke7 34. Kd2 e5 35. h4 f5 36. a4 a6 37. axb5 axb5 38. Ke1 e4 39. fxe4 fxe4 40. Kf2 0-1

[Event "Winnipeg TNT February op"]
[Site "Winnipeg CAN"]
[Date "2007.02.13"]
[Round "2"]
[White "Kohalmi, Andy"]
[Black "Green, Aaron"]
[Result "0-1"]
[WhiteElo "1710"]
[BlackElo "1422"]
[PlyCount "46"]
[GameId "2160767910718473"]
[EventDate "2007.02.06"]
[EventType "swiss"]
[EventRounds "4"]
[EventCountry "CAN"]
[SourceTitle "EXT 2019"]
[Source "ChessBase"]
[SourceDate "2018.10.10"]
[SourceVersion "1"]
[SourceVersionDate "2018.10.10"]
[SourceQuality "1"]

1. d4 Nf6 2. Nf3 g6 3. c4 Bg7 4. Nc3 O-O 5. e4 d6 6. h3 e5 7. d5 Nbd7 8. Bg5 h6 9. Be3 Ne8 10. Qd2 Kh7 11. Bd3 f5 12. exf5 gxf5 13. Ng5+ hxg5 14. Bxg5 Ndf6 15. g4 e4 16. Nxe4 fxe4 17. Bxe4+ Nxe4 18. Qe3 Nxg5 19. O-O-O Rf3 20. Qe2 Qf6 21. Rd2 Qe5 22. Qd1 Rd3 23. Rxd3 Qxb2# 0-1

[Event "Winnipeg TNT February op"]
[Site "Winnipeg CAN"]
[Date "2007.02.13"]
[Round "2"]
[White "Oberton, Daniel"]
[Black "Cleto, Sam"]
[Result "0-1"]
[WhiteElo "2019"]
[BlackElo "1910"]
[PlyCount "99"]
[GameId "2160767910718474"]
[EventDate "2007.02.06"]
[EventType "swiss"]
[EventRounds "4"]
[EventCountry "CAN"]
[SourceTitle "EXT 2019"]
[Source "ChessBase"]
[SourceDate "2018.10.10"]
[SourceVersion "1"]
[SourceVersionDate "2018.10.10"]
[SourceQuality "1"]

1. e4 c5 2. Nf3 d6 3. d4 cxd4 4. Nxd4 Nf6 5. Nc3 a6 6. Be2 e6 7. Be3 Be7 8. g4 b5 9. g5 Nfd7 10. Qd2 Bb7 11. Bd3 Nc5 12. a3 Nbd7 13. O-O-O Rc8 14. h4 Ne5 15. Kb1 g6 16. f4 Nexd3 17. cxd3 Bf8 18. h5 Bg7 19. hxg6 fxg6 20. Qe2 Qe7 21. Rh2 Bxd4 22. Bxd4 e5 23. Be3 exf4 24. Bxf4 Ne6 25. Qg4 Rf8 26. Be3 Rf7 27. d4 Rc4 28. d5 Nf8 29. Bd4 Bc8 30. Qg3 b4 31. axb4 Rxb4 32. Bf6 Qc7 33. e5 Bf5+ 34. Kc1 dxe5 35. Bxe5 Qa5 36. Bf6 Kd7 37. Qe3 Qa1+ 38. Kd2 Qxb2+ 39. Ke1 Qxh2 40. Qa7+ Qc7 41. Qxa6 Qg3+ 42. Kd2 Rb2+ 43. Kc1 Rc2+ 44. Kb1 Rxc3+ 45. Ka2 Ra3+ 46. Qxa3 Qxa3+ 47. Kxa3 Kd6 48. Kb4 Rc7 49. Rd2 Nd7 50. Bd4 0-1

[Event "Winnipeg TNT February op"]
[Site "Winnipeg CAN"]
[Date "2007.02.13"]
[Round "2"]
[White "Podmoroff, Yuri"]
[Black "Greenberg, Harley"]
[Result "0-1"]
[WhiteElo "1536"]
[BlackElo "1801"]
[PlyCount "81"]
[GameId "2160767910718475"]
[EventDate "2007.02.06"]
[EventType "swiss"]
[EventRounds "4"]
[EventCountry "CAN"]
[SourceTitle "EXT 2019"]
[Source "ChessBase"]
[SourceDate "2018.10.10"]
[SourceVersion "1"]
[SourceVersionDate "2018.10.10"]
[SourceQuality "1"]

1. e4 c5 2. Nf3 Nc6 3. Nc3 e5 4. Bc4 Nf6 5. d3 Be7 6. Bg5 O-O 7. O-O d6 8. Nh4 Nd4 9. Ne2 Bg4 10. f3 Bh5 11. Ng3 b5 12. Bb3 Bg6 13. c3 Nxb3 14. Qxb3 c4 15. Qxb5 cxd3 16. Qxd3 Qb6+ 17. Kh1 Nxe4 18. Nxe4 Bxe4 19. Qxe4 Bxg5 20. Rab1 g6 21. Qg4 Qd8 22. g3 f5 23. Qh3 Rb8 24. Ng2 Qa5 25. a3 Qc5 26. f4 Bf6 27. Ne1 e4 28. Nc2 Rb3 29. Qg2 Rfb8 30. Nb4 Rb6 31. Qc2 Qc4 32. Rfd1 a5 33. Nd5 Kf7 34. Nxb6 Rxb6 35. Qf2 Qc6 36. Qe3 a4 37. h4 d5 38. Kh2 Rb3 39. Qf2 Qb7 40. Qc2 Qc6 41. Rdc1 0-1

[Event "Winnipeg TNT February op"]
[Site "Winnipeg CAN"]
[Date "2007.02.13"]
[Round "2"]
[White "Pottinger, Carl"]
[Black "Gibbons, Michael"]
[Result "0-1"]
[WhiteElo "1809"]
[BlackElo "2063"]
[PlyCount "59"]
[GameId "2160767910718476"]
[EventDate "2007.02.06"]
[EventType "swiss"]
[EventRounds "4"]
[EventCountry "CAN"]
[SourceTitle "EXT 2019"]
[Source "ChessBase"]
[SourceDate "2018.10.10"]
[SourceVersion "1"]
[SourceVersionDate "2018.10.10"]
[SourceQuality "1"]

1. c4 f5 2. g3 Nf6 3. Bg2 e6 4. Nf3 Nc6 5. O-O b6 6. d3 Be7 7. Nc3 Bb7 8. Ne5 Nxe5 9. Bxb7 Rb8 10. Bg2 O-O 11. Qa4 a5 12. Bf4 Ng6 13. Bd2 f4 14. Nb5 c6 15. Nd4 e5 16. Nc2 Bc5 17. b4 axb4 18. Bxb4 fxg3 19. hxg3 Qe7 20. Bxc5 Qxc5 21. Ne3 Nh5 22. Kh2 e4 23. Bxe4 Nxg3 24. Kxg3 Qe5+ 25. Kg2 Nf4+ 26. Kh1 Qh5+ 27. Kg1 Nxe2+ 28. Kg2 Qg5+ 29. Kh1 Rf4 30. Nf5 0-1

[Event "Winnipeg TNT February op"]
[Site "Winnipeg CAN"]
[Date "2007.02.13"]
[Round "2"]
[White "Silva, T Romero"]
[Black "Booth, Kevin"]
[Result "1-0"]
[WhiteElo "1903"]
[BlackElo "1638"]
[PlyCount "81"]
[GameId "2160767910718477"]
[EventDate "2007.02.06"]
[EventType "swiss"]
[EventRounds "4"]
[EventCountry "CAN"]
[SourceTitle "EXT 2019"]
[Source "ChessBase"]
[SourceDate "2018.10.10"]
[SourceVersion "1"]
[SourceVersionDate "2018.10.10"]
[SourceQuality "1"]

1. e4 d6 2. d4 g6 3. c3 Nf6 4. Bd3 b6 5. Bg5 Bg7 6. Nd2 Nbd7 7. Ngf3 O-O 8. Rc1 c5 9. O-O Bb7 10. Re1 Re8 11. Bb1 cxd4 12. cxd4 e5 13. d5 Nc5 14. b4 Ncd7 15. Bd3 Rc8 16. Qa4 a5 17. Bb5 Re7 18. Nc4 Nb8 19. bxa5 bxa5 20. Nxa5 Rxc1 21. Rxc1 Rc7 22. Re1 Qc8 23. Nc4 Qd8 24. Qb4 Rc5 25. Ncxe5 Qb6 26. a4 dxe5 27. Nxe5 Rc2 28. Be3 Qd8 29. Bd3 Nxd5 30. Qxb7 Nxe3 31. fxe3 Rc7 32. Nxf7 Kxf7 33. Bc4+ Kf8 34. Qb3 Ke7 35. Bd5 Bc3 36. Rf1 Bd2 37. Qb6 Qc8 38. Rf7+ Ke8 39. Qxc7 Bxe3+ 40. Kf1 Qa6+ 41. Bc4 1-0

[Event "Winnipeg TNT February op"]
[Site "Winnipeg CAN"]
[Date "2007.02.20"]
[Round "3"]
[White "Essery, Richard"]
[Black "Goodman, Clifford"]
[Result "1-0"]
[WhiteElo "1675"]
[BlackElo "1458"]
[PlyCount "41"]
[GameId "2160767910718481"]
[EventDate "2007.02.06"]
[EventType "swiss"]
[EventRounds "4"]
[EventCountry "CAN"]
[SourceTitle "EXT 2019"]
[Source "ChessBase"]
[SourceDate "2018.10.10"]
[SourceVersion "1"]
[SourceVersionDate "2018.10.10"]
[SourceQuality "1"]

1. d4 Nf6 2. Nf3 e6 3. Bf4 c5 4. e3 cxd4 5. exd4 Nc6 6. c3 Nd5 7. Bg3 Be7 8. Bd3 O-O 9. Nbd2 f5 10. h3 d6 11. Qc2 a6 12. Bh2 Nf6 13. g4 fxg4 14. hxg4 h6 15. g5 hxg5 16. Nxg5 Re8 17. Bg6 Rf8 18. Bh7+ Kh8 19. Bg3 Nh5 20. Bg8 Bxg5 21. Qh7# 1-0

[Event "Winnipeg TNT February op"]
[Site "Winnipeg CAN"]
[Date "2007.02.20"]
[Round "3"]
[White "Gibbons, Michael"]
[Black "Mundwiler, Les"]
[Result "1/2-1/2"]
[WhiteElo "2063"]
[BlackElo "1938"]
[PlyCount "55"]
[GameId "2160767910718482"]
[EventDate "2007.02.06"]
[EventType "swiss"]
[EventRounds "4"]
[EventCountry "CAN"]
[SourceTitle "EXT 2019"]
[Source "ChessBase"]
[SourceDate "2018.10.10"]
[SourceVersion "1"]
[SourceVersionDate "2018.10.10"]
[SourceQuality "1"]

1. Nf3 Nf6 2. c4 d6 3. Nc3 Nbd7 4. d3 e5 5. g3 c6 6. Bg2 h6 7. Bd2 Be7 8. Rc1 Nh7 9. d4 Ng5 10. d5 Nxf3+ 11. Bxf3 c5 12. e4 Bg5 13. Bg4 Bxd2+ 14. Qxd2 Nf6 15. Bxc8 Qxc8 16. O-O g5 17. f4 gxf4 18. gxf4 Rg8+ 19. Kh1 Nh5 20. f5 Qd8 21. Rg1 Rg5 22. Rxg5 Qxg5 23. Qxg5 hxg5 24. Rg1 f6 25. h4 g4 26. Rxg4 Ke7 27. Kh2 a6 28. a4 1/2-1/2

[Event "Winnipeg TNT February op"]
[Site "Winnipeg CAN"]
[Date "2007.02.20"]
[Round "3"]
[White "Green, Aaron"]
[Black "Oberton, Daniel"]
[Result "0-1"]
[WhiteElo "1422"]
[BlackElo "2019"]
[PlyCount "56"]
[GameId "2160767910718483"]
[EventDate "2007.02.06"]
[EventType "swiss"]
[EventRounds "4"]
[EventCountry "CAN"]
[SourceTitle "EXT 2019"]
[Source "ChessBase"]
[SourceDate "2018.10.10"]
[SourceVersion "1"]
[SourceVersionDate "2018.10.10"]
[SourceQuality "1"]

1. Nf3 Nf6 2. g3 g6 3. Bg2 Bg7 4. O-O O-O 5. d3 c5 6. e4 d6 7. Nbd2 Nc6 8. h3 Bd7 9. Ne1 Nh5 10. Kh2 e5 11. Bf3 Nf6 12. Bg2 b5 13. f4 exf4 14. gxf4 Qc7 15. Ndf3 Rae8 16. Kh1 Nh5 17. Rg1 f5 18. e5 dxe5 19. fxe5 Nxe5 20. Nxe5 Qxe5 21. Bf3 Ng3+ 22. Kg2 Ne2 23. Bxe2 Qxe2+ 24. Qxe2 Rxe2+ 25. Kf1 Rfe8 26. Bf4 Bxb2 27. Rb1 Bc6 28. Bg3 Bd4 0-1

[Event "Winnipeg TNT February op"]
[Site "Winnipeg CAN"]
[Date "2007.02.20"]
[Round "3"]
[White "Greenberg, Harley"]
[Black "Green, Jim"]
[Result "1-0"]
[WhiteElo "1801"]
[BlackElo "1769"]
[PlyCount "55"]
[GameId "2160767910718484"]
[EventDate "2007.02.06"]
[EventType "swiss"]
[EventRounds "4"]
[EventCountry "CAN"]
[SourceTitle "EXT 2019"]
[Source "ChessBase"]
[SourceDate "2018.10.10"]
[SourceVersion "1"]
[SourceVersionDate "2018.10.10"]
[SourceQuality "1"]

1. e4 e5 2. Nf3 Nc6 3. Bb5 a6 4. Ba4 Nf6 5. O-O b5 6. Bb3 Be7 7. Re1 O-O 8. c3 Na5 9. Nxe5 Nxb3 10. axb3 Bb7 11. d3 d5 12. exd5 Bxd5 13. d4 Nd7 14. Qe2 Nxe5 15. dxe5 Bxb3 16. Nd2 Be6 17. Rd1 Qc8 18. Ne4 Bb3 19. Re1 Qf5 20. Ng3 Qg6 21. f4 Bc5+ 22. Kh1 Rad8 23. f5 Qc6 24. Qg4 Kh8 25. Nh5 Rg8 26. Bg5 Rd3 27. Nf4 Rd7 28. e6 1-0

[Event "Winnipeg TNT February op"]
[Site "Winnipeg CAN"]
[Date "2007.02.20"]
[Round "3"]
[White "Khedkar, Jay S"]
[Black "Cleto, Sam"]
[Result "0-1"]
[WhiteElo "1963"]
[BlackElo "1910"]
[PlyCount "67"]
[GameId "2160767910718485"]
[EventDate "2007.02.06"]
[EventType "swiss"]
[EventRounds "4"]
[EventCountry "CAN"]
[SourceTitle "EXT 2019"]
[Source "ChessBase"]
[SourceDate "2018.10.10"]
[SourceVersion "1"]
[SourceVersionDate "2018.10.10"]
[SourceQuality "1"]

1. e4 c5 2. Nf3 d6 3. d4 cxd4 4. Nxd4 Nf6 5. Nc3 e5 6. Nb3 a6 7. Be2 Nc6 8. O-O Be7 9. Be3 O-O 10. Bf3 b5 11. a4 b4 12. Nd5 Nxd5 13. exd5 Nb8 14. a5 f5 15. Qd2 Bf6 16. Be2 f4 17. Bb6 Qe8 18. Qxb4 e4 19. f3 Bxb2 20. Rab1 Be5 21. fxe4 Qg6 22. Bf3 Nd7 23. Bd4 Rb8 24. Qd2 h5 25. Qf2 Nf6 26. Bxe5 dxe5 27. Nd2 Rxb1 28. Rxb1 Ng4 29. Rb6 Qg5 30. Qe2 Ne3 31. Nc4 Bg4 32. Nd6 g6 33. c4 Bh3 34. Kh1 0-1

[Event "Winnipeg TNT February op"]
[Site "Winnipeg CAN"]
[Date "2007.02.20"]
[Round "3"]
[White "Letain, Cory"]
[Black "Gibson, Fred"]
[Result "1-0"]
[WhiteElo "1397"]
[BlackElo "1230"]
[PlyCount "79"]
[GameId "2160767910718486"]
[EventDate "2007.02.06"]
[EventType "swiss"]
[EventRounds "4"]
[EventCountry "CAN"]
[SourceTitle "EXT 2019"]
[Source "ChessBase"]
[SourceDate "2018.10.10"]
[SourceVersion "1"]
[SourceVersionDate "2018.10.10"]
[SourceQuality "1"]

1. d4 Nf6 2. c4 g6 3. Nc3 Bg7 4. e4 d6 5. f4 O-O 6. Nf3 Bg4 7. Be2 Bxf3 8. Bxf3 Nc6 9. e5 Nd7 10. Bxc6 bxc6 11. O-O Nb6 12. b3 e6 13. Qf3 d5 14. c5 Nc8 15. Nd1 Ne7 16. Ne3 f6 17. Qg4 f5 18. Qe2 h6 19. Rb1 Rf7 20. b4 a6 21. a4 g5 22. Nc2 Ng6 23. fxg5 hxg5 24. Qh5 Nf4 25. Bxf4 gxf4 26. Rxf4 Qe7 27. Rb3 Kf8 28. Rbf3 Ke8 29. Ne3 Kd7 30. Rf2 Rh8 31. Qe2 Bh6 32. R4f3 Rff8 33. Nc2 f4 34. Na3 Qh7 35. b5 axb5 36. axb5 cxb5 37. Qxb5+ Ke7 38. Qb7 Rc8 39. Nb5 Kd8 40. Na7 1-0

[Event "Winnipeg TNT February op"]
[Site "Winnipeg CAN"]
[Date "2007.02.20"]
[Round "3"]
[White "Podmoroff, Yuri"]
[Black "Kohalmi, Andy"]
[Result "1-0"]
[WhiteElo "1536"]
[BlackElo "1710"]
[PlyCount "94"]
[GameId "2160767910718487"]
[EventDate "2007.02.06"]
[EventType "swiss"]
[EventRounds "4"]
[EventCountry "CAN"]
[SourceTitle "EXT 2019"]
[Source "ChessBase"]
[SourceDate "2018.10.10"]
[SourceVersion "1"]
[SourceVersionDate "2018.10.10"]
[SourceQuality "1"]

1. e4 c5 2. Nf3 a6 3. d4 cxd4 4. Nxd4 e6 5. Be3 Nf6 6. Bc4 Nxe4 7. Nd2 Nf6 8. O-O Be7 9. c3 O-O 10. Qf3 d5 11. Bb3 b5 12. Bf4 Bd6 13. Bg3 Nbd7 14. Bc2 Ne5 15. Qe2 h6 16. Bh4 Ng6 17. Nc6 Qc7 18. Bxf6 Qxc6 19. Bd4 Nf4 20. Qd1 e5 21. Be3 e4 22. Nb3 Be6 23. Nd4 Qc7 24. f3 Nxg2 25. Kxg2 Bxh2 26. f4 Bxf4 27. Bxf4 Qd7 28. Qh5 Bg4 29. Qh4 Bf3+ 30. Kf2 Qg4 31. Qh2 Qh5 32. Qg3 Bg4 33. Rh1 Qg6 34. Rag1 f5 35. Ke1 Rae8 36. Bb3 Rd8 37. Rh4 a5 38. Nxb5 Qb6 39. a4 g5 40. Bc7 gxh4 41. Bxb6 hxg3 42. Bxd8 Rxd8 43. Rxg3 h5 44. Nd4 f4 45. Rg1 Kg7 46. Nc6 Rd6 47. Nxa5 e3 1-0

[Event "Winnipeg TNT February op"]
[Site "Winnipeg CAN"]
[Date "2007.02.20"]
[Round "3"]
[White "Pottinger, Carl"]
[Black "Adol, Deng"]
[Result "1-0"]
[WhiteElo "1809"]
[BlackElo "1783"]
[PlyCount "69"]
[GameId "2160767910718488"]
[EventDate "2007.02.06"]
[EventType "swiss"]
[EventRounds "4"]
[EventCountry "CAN"]
[SourceTitle "EXT 2019"]
[Source "ChessBase"]
[SourceDate "2018.10.10"]
[SourceVersion "1"]
[SourceVersionDate "2018.10.10"]
[SourceQuality "1"]

1. e4 a6 2. c4 Nc6 3. d4 e5 4. Nf3 exd4 5. Nxd4 Bb4+ 6. Bd2 Bxd2+ 7. Qxd2 Qe7 8. Nc3 Nf6 9. f3 O-O 10. Be2 Qd6 11. Nd5 Qe5 12. Rd1 Nxd5 13. cxd5 Ne7 14. O-O f5 15. Qc2 c6 16. dxc6 dxc6 17. exf5 Nxf5 18. Nxf5 Bxf5 19. Bd3 Kh8 20. Bxf5 Rxf5 21. Rfe1 Qc5+ 22. Qxc5 Rxc5 23. Rd7 b5 24. Ree7 Rg8 25. Ra7 Rc2 26. Rxa6 Rxb2 27. Rc7 Rd8 28. h3 g6 29. Raa7 c5 30. Rxc5 b4 31. Rcc7 Rbd2 32. Rxh7+ Kg8 33. Rhg7+ Kh8 34. Rxg6 Rb2 35. Rg4 1-0

[Event "Winnipeg TNT February op"]
[Site "Winnipeg CAN"]
[Date "2007.02.20"]
[Round "3"]
[White "Rutter, Blair"]
[Black "Wierda, John"]
[Result "1-0"]
[WhiteElo "1958"]
[BlackElo "1781"]
[PlyCount "95"]
[GameId "2160767910718489"]
[EventDate "2007.02.06"]
[EventType "swiss"]
[EventRounds "4"]
[EventCountry "CAN"]
[SourceTitle "EXT 2019"]
[Source "ChessBase"]
[SourceDate "2018.10.10"]
[SourceVersion "1"]
[SourceVersionDate "2018.10.10"]
[SourceQuality "1"]

1. c4 g6 2. g3 Nf6 3. Bg2 Bg7 4. Nc3 O-O 5. e4 d6 6. Nge2 Nc6 7. O-O a6 8. d3 Rb8 9. Be3 Ng4 10. Bd2 Nce5 11. Bf4 Nd7 12. h3 Nge5 13. b3 c5 14. Qd2 b5 15. Rad1 b4 16. Nd5 Nf6 17. Bxe5 dxe5 18. Qe3 Qd6 19. Qc1 a5 20. f4 Nxd5 21. exd5 e6 22. Kh2 exd5 23. Bxd5 Qd7 24. Ng1 Bh6 25. Qe3 exf4 26. gxf4 Qc7 27. Ne2 Bf5 28. d4 Rfe8 29. Qf3 Be6 30. Bc6 Bd7 31. Bxd7 Qxd7 32. dxc5 Qf5 33. Rd5 Qc2 34. Rf2 Qxa2 35. Nd4 Qa3 36. c6 Rec8 37. Rd7 a4 38. c7 axb3 39. cxb8=Q Rxb8 40. Qxb3 Rc8 41. Qxa3 bxa3 42. Nb5 Rxc4 43. Rd4 a2 44. Rxa2 Rxd4 45. Nxd4 Bxf4+ 46. Kg2 g5 47. Kf3 h6 48. Kg4 1-0